000 01372cam a22002651i 4500
003 SA-RiAUC
005 20250112052436.0
008 250111k19831986qa g f000 0 ara c
040 _aKW-ShULA
_bara
_cSA-RiAUC
_erda
082 0 4 _a258.2
090 _a258.2
_bش ن ق
100 1 _aالشنقيطي، أحمد بن محمد الأمين بن أحمد المختار،
_dتوفي 1434 هجري
_eمؤلف.
245 1 0 _aمواهب الجليل من أدلة خليل /
_cتأليف أحمد بن أحمد المختار الجكني الشنقيطي ؛ مراجعة عبد الله إبراهيم الأنصاري.
264 1 _aالدوحة :
_bإدارة إحياء التراث الإسلامي،
_c1983-1986
300 _a3 مجلد ؛
_c24 سم
336 _aنص
_btxt
_2rdacontent
_3كتاب
337 _aبدون وسيط
_bn
_2rdamedia
338 _aمجلد
_bnc
_2rdacarrier
650 7 _aالفقه المالكي
_2aucsh
700 1 _aالأنصاري، عبد الله بن إبراهيم،
_d1333-1410 هجري
_eمراجع.
700 0 2 _aخليل بن إسحاق بن موسى الجندي،
_cالشيخ،
_dتوفي 776 هجري
_tمختصر العلامة خليل في فقه الإمام مالك.
740 0 2 _aمختصر العلامة خليل في فقه الإمام مالك.
942 _2ddc
_cBOOK
_n0
949 _aSA-JeALM
_d250111
_uosman123
_n1
999 _c4597
_d4597